[Event "Tradewise Gibraltar Masters 16th"]
[Site "Gibraltar"]
[Date "2018.01.29"]
[Round "7.56"]
[White "Baron, Tal"]
[Black "Tate, Alan"]
[Result "1-0"]
[WhiteElo "2548"]
[BlackElo "2358"]
[PlyCount "41"]
[EventDate "2018.01.23"]
[EventType "swiss"]
[EventRounds "10"]
[EventCountry "GGB"]
[SourceTitle "BritBase"]
[Source "www.saund.co.uk"]
[SourceDate "2018.02.10"]
[SourceVersion "1"]
[SourceVersionDate "2018.02.10"]
[SourceQuality "1"]

1. d4 d5 2. Bf4 Nf6 3. e3 c5 4. dxc5 Nc6 5. Bb5 e6 6. b4 a5 7. c3 axb4 8. cxb4
Nd7 9. Qb3 Qf6 10. Nc3 d4 11. Ne4 Qg6 12. Bd3 Qxg2 13. Ng3 Nf6 14. e4 Ng4 15.
Qb2 Nxb4 16. Bb5+ Bd7 17. Bxd7+ Kxd7 18. Qxb4 Qxf2+ 19. Kd1 Qxf4 20. Qxb7+ Qc7
21. c6+ 1-0

[Event "Tradewise Gibraltar Masters 16th"]
[Site "Gibraltar"]
[Date "2018.01.29"]
[Round "7.57"]
[White "Erenberg, Ariel"]
[Black "Libiszewski, Fabien"]
[Result "1/2-1/2"]
[WhiteElo "2382"]
[BlackElo "2530"]
[PlyCount "143"]
[EventDate "2018.01.23"]
[EventType "swiss"]
[EventRounds "10"]
[EventCountry "GGB"]
[SourceTitle "BritBase"]
[Source "www.saund.co.uk"]
[SourceDate "2018.02.10"]
[SourceVersion "1"]
[SourceVersionDate "2018.02.10"]
[SourceQuality "1"]

1. d4 Nf6 2. c4 g6 3. Nc3 Bg7 4. e4 d6 5. Nf3 O-O 6. Be2 Nbd7 7. O-O e5 8. Re1
Re8 9. Bf1 a6 10. d5 a5 11. Rb1 Nc5 12. b3 Bd7 13. Nd2 Nh5 14. a3 f5 15. exf5
Bxf5 16. Nde4 Nf6 17. Bg5 b6 18. Nxc5 bxc5 19. Ne4 Rf8 20. Bd3 Qd7 21. Bxf6
Bxf6 22. Qd2 Bh4 23. g3 Be7 24. Bf1 Rfb8 25. Bg2 Qd8 26. h4 Rb6 27. Rb2 Qb8 28.
Reb1 Qa7 29. Kh2 Qa6 30. Qc2 Rab8 31. Qc3 Qc8 32. b4 axb4 33. axb4 cxb4 34.
Rxb4 Qa6 35. Rxb6 Rxb6 36. Ra1 Qb7 37. c5 Rb3 38. Qa5 Rb2 39. c6 Qb8 40. Qa8
Bxe4 41. Qxb8+ Rxb8 42. Bxe4 Kf7 43. Kh3 Kg7 44. Bf3 Kf6 45. Ra4 Kg7 46. h5 Rf8
47. Kg2 Kh6 48. hxg6 hxg6 49. Be4 Kg7 50. Ra7 Rc8 51. Bd3 Bd8 52. Ra4 Be7 53.
Rg4 g5 54. Ra4 Rh8 55. Ra7 Bd8 56. Ra2 Rf8 57. Kh3 Kf6 58. Kg4 Kg7 59. Be4 Kf6
60. Ra1 Rh8 61. Ra3 Rf8 62. Rf3+ Kg7 63. Rxf8 Kxf8 64. Kf5 Kf7 65. Bf3 Bf6 66.
Bh5+ Ke7 67. Bg6 e4 68. Kxe4 Bc3 69. Kf5 Be1 70. Kxg5 Bxf2 71. g4 Be3+ 72. Kf5
1/2-1/2

[Event "Tradewise Gibraltar Masters 16th"]
[Site "Gibraltar"]
[Date "2018.01.29"]
[Round "7.58"]
[White "Stark, Lars"]
[Black "Blomqvist, Erik"]
[Result "1/2-1/2"]
[WhiteElo "2381"]
[BlackElo "2502"]
[PlyCount "83"]
[EventDate "2018.01.23"]
[EventType "swiss"]
[EventRounds "10"]
[EventCountry "GGB"]
[SourceTitle "BritBase"]
[Source "www.saund.co.uk"]
[SourceDate "2018.02.10"]
[SourceVersion "1"]
[SourceVersionDate "2018.02.10"]
[SourceQuality "1"]

1. c4 e6 2. g3 d5 3. Bg2 Nf6 4. Nf3 d4 5. O-O c5 6. e3 Nc6 7. exd4 cxd4 8. d3
Bd6 9. Na3 O-O 10. Nc2 e5 11. a3 a5 12. Rb1 h6 13. b4 axb4 14. axb4 Bg4 15. h3
Bd7 16. Re1 Re8 17. b5 Na5 18. Bd2 Qc8 19. Bb4 Bxb4 20. Nxb4 Qc5 21. Nd2 Bf5
22. g4 Bh7 23. Ne4 Nxe4 24. Bxe4 Bxe4 25. Rxe4 b6 26. Qf3 Nb7 27. Ree1 Nd6 28.
Na6 Qa3 29. Ra1 Qc3 30. Rac1 e4 31. Rxc3 exf3 32. Rcc1 Re2 33. Kf1 Rd2 34. Rcd1
Rb2 35. Rc1 Rd2 36. Red1 Re2 37. Re1 Rd2 38. Red1 Re2 39. Re1 Rd2 40. Rcd1 Rb2
41. Rb1 Rd2 42. Rbd1 1/2-1/2

[Event "Tradewise Gibraltar Masters 16th"]
[Site "Gibraltar"]
[Date "2018.01.29"]
[Round "7.59"]
[White "Stefanova, Antoaneta"]
[Black "Perez Garcia, Alejandro"]
[Result "0-1"]
[WhiteElo "2489"]
[BlackElo "2357"]
[PlyCount "78"]
[EventDate "2018.01.23"]
[EventType "swiss"]
[EventRounds "10"]
[EventCountry "GGB"]
[SourceTitle "BritBase"]
[Source "www.saund.co.uk"]
[SourceDate "2018.02.10"]
[SourceVersion "1"]
[SourceVersionDate "2018.02.10"]
[SourceQuality "1"]

1. Nf3 d5 2. g3 Bg4 3. Bg2 c6 4. b3 Nd7 5. Bb2 e6 6. O-O Ngf6 7. c4 Be7 8. d3
O-O 9. Nbd2 a5 10. a3 b5 11. h3 Bh5 12. cxd5 cxd5 13. Rc1 Rc8 14. Rxc8 Qxc8 15.
Nd4 Qa6 16. g4 Bg6 17. f4 Bd6 18. f5 exf5 19. Nxf5 Be5 20. Bxe5 Nxe5 21. Qe1
Re8 22. Qf2 Bxf5 23. Qxf5 h6 24. Rc1 Qd6 25. Rc8 Rxc8 26. Qxc8+ Kh7 27. Qc3 Ng6
28. b4 axb4 29. axb4 Nf4 30. Bf1 Nxh3+ 31. Bxh3 Qg3+ 32. Bg2 Qe1+ 33. Kh2 Nxg4+
34. Kh3 g5 35. Be4+ dxe4 36. Nxe4 Qh4+ 37. Kg2 Qh2+ 38. Kf3 Qf4+ 39. Kg2 Ne3+
0-1

[Event "Tradewise Gibraltar Masters 16th"]
[Site "Gibraltar"]
[Date "2018.01.29"]
[Round "7.60"]
[White "Papp, Petra"]
[Black "Khotenashvili, Bela"]
[Result "0-1"]
[WhiteElo "2324"]
[BlackElo "2486"]
[PlyCount "82"]
[EventDate "2018.01.23"]
[EventType "swiss"]
[EventRounds "10"]
[EventCountry "GGB"]
[SourceTitle "BritBase"]
[Source "www.saund.co.uk"]
[SourceDate "2018.02.10"]
[SourceVersion "1"]
[SourceVersionDate "2018.02.10"]
[SourceQuality "1"]

1. e4 e5 2. Nf3 Nc6 3. Bb5 a6 4. Ba4 Nf6 5. O-O Nxe4 6. d4 b5 7. Bb3 d5 8. dxe5
Be6 9. Nbd2 Nc5 10. c3 d4 11. Bxe6 Nxe6 12. cxd4 Ncxd4 13. a4 Rb8 14. axb5 axb5
15. Nxd4 Qxd4 16. Qf3 Bb4 17. Qc6+ Qd7 18. Qxd7+ Kxd7 19. Nb3 Ra8 20. Be3 c5
21. Rfd1+ Ke7 22. f4 c4 23. Rxa8 Rxa8 24. f5 cxb3 25. fxe6 Kxe6 26. Rd3 Be7 27.
Rxb3 b4 28. Bf4 g5 29. Bg3 Ra1+ 30. Kf2 h5 31. h4 g4 32. Bf4 Bxh4+ 33. g3 Be7
34. Bd2 Ra5 35. Bf4 Rd5 36. Ke2 Bc5 37. Bd2 Rd4 38. Kd1 Kxe5 39. Re3+ Kf5 40.
Re8 h4 41. Rh8 hxg3 0-1

[Event "Tradewise Gibraltar Masters 16th"]
[Site "Gibraltar"]
[Date "2018.01.29"]
[Round "7.61"]
[White "Suarez Gomez, Julio"]
[Black "Gandrud, Vegar Koi"]
[Result "1/2-1/2"]
[WhiteElo "2486"]
[BlackElo "2346"]
[PlyCount "69"]
[EventDate "2018.01.23"]
[EventType "swiss"]
[EventRounds "10"]
[EventCountry "GGB"]
[SourceTitle "BritBase"]
[Source "www.saund.co.uk"]
[SourceDate "2018.02.10"]
[SourceVersion "1"]
[SourceVersionDate "2018.02.10"]
[SourceQuality "1"]

1. Nf3 c5 2. c4 Nc6 3. d4 cxd4 4. Nxd4 Nf6 5. Nc3 e6 6. a3 Be7 7. e4 O-O 8. Be2
d5 9. exd5 exd5 10. Be3 dxc4 11. Nxc6 bxc6 12. Bxc4 Ng4 13. Qxd8 Rxd8 14. O-O
Nxe3 15. fxe3 Be6 16. Bxe6 fxe6 17. Ne4 Rd3 18. Rae1 Rb8 19. Re2 Rb5 20. Rc1
Re5 21. Rc4 Bd8 22. g4 Bb6 23. Kf2 Rd8 24. Kg2 Kf7 25. a4 Ke7 26. b4 a5 27.
bxa5 Rxa5 28. Rb4 Ba7 29. Rc4 Rd3 30. Kf3 Ra6 31. Nc3 Kd6 32. Ke4 Rd5 33. Kf3
Rd3 34. Ke4 Rd5 35. Kf3 1/2-1/2

[Event "Tradewise Gibraltar Masters 16th"]
[Site "Gibraltar"]
[Date "2018.01.29"]
[Round "7.62"]
[White "Sadhwani, Raunak"]
[Black "Almagro Llamas, Pablo"]
[Result "1-0"]
[WhiteElo "2321"]
[BlackElo "2479"]
[PlyCount "61"]
[EventDate "2018.01.23"]
[EventType "swiss"]
[EventRounds "10"]
[EventCountry "GGB"]
[SourceTitle "BritBase"]
[Source "www.saund.co.uk"]
[SourceDate "2018.02.10"]
[SourceVersion "1"]
[SourceVersionDate "2018.02.10"]
[SourceQuality "1"]

1. e4 c6 2. d4 d5 3. Nd2 dxe4 4. Nxe4 Bf5 5. Ng3 Bg6 6. h4 h6 7. Nf3 e6 8. Ne5
Bh7 9. Bd3 Bxd3 10. Qxd3 Nd7 11. f4 Be7 12. Bd2 c5 13. O-O-O Ngf6 14. d5 Nxe5
15. fxe5 c4 16. Qf3 Nxd5 17. Rhf1 Qc7 18. Qxf7+ Kd7 19. Bb4 Rae8 20. Ne4 Qxe5
21. Rfe1 Kc8 22. Nd6+ Bxd6 23. Rxe5 Bxe5 24. Bc5 Kb8 25. c3 Bf6 26. Re1 Bxh4
27. Rxe6 Bg5+ 28. Kb1 Rd8 29. a4 Ka8 30. a5 a6 31. Rxa6+ 1-0

[Event "Tradewise Gibraltar Masters 16th"]
[Site "Gibraltar"]
[Date "2018.01.29"]
[Round "7.63"]
[White "Salomon, Johan"]
[Black "Padmini, Rout"]
[Result "1/2-1/2"]
[WhiteElo "2476"]
[BlackElo "2325"]
[PlyCount "61"]
[EventDate "2018.01.23"]
[EventType "swiss"]
[EventRounds "10"]
[EventCountry "GGB"]
[SourceTitle "BritBase"]
[Source "www.saund.co.uk"]
[SourceDate "2018.02.10"]
[SourceVersion "1"]
[SourceVersionDate "2018.02.10"]
[SourceQuality "1"]

1. e4 e5 2. Nf3 Nc6 3. Bc4 Nf6 4. d3 Be7 5. O-O O-O 6. Re1 d6 7. a4 Na5 8. Ba2
c5 9. c3 a6 10. Na3 Nc6 11. Bd2 Rb8 12. b4 cxb4 13. cxb4 b5 14. axb5 axb5 15.
Nc2 d5 16. exd5 Nxd5 17. Nxe5 Nxe5 18. Rxe5 Bb7 19. d4 Bf6 20. Re1 Nb6 21. Bf4
Rc8 22. Be5 Nc4 23. Bxf6 Qxf6 24. Ne3 Nxe3 25. fxe3 Bxg2 26. Kxg2 Qg6+ 27. Kf2
Rc2+ 28. Re2 Qf6+ 29. Kg1 Qg6+ 30. Kf2 Qf6+ 31. Kg1 1/2-1/2

[Event "Tradewise Gibraltar Masters 16th"]
[Site "Gibraltar"]
[Date "2018.01.29"]
[Round "7.64"]
[White "Mohota, Nisha"]
[Black "Studer, Noel"]
[Result "1-0"]
[WhiteElo "2269"]
[BlackElo "2476"]
[PlyCount "75"]
[EventDate "2018.01.23"]
[EventType "swiss"]
[EventRounds "10"]
[EventCountry "GGB"]
[SourceTitle "BritBase"]
[Source "www.saund.co.uk"]
[SourceDate "2018.02.10"]
[SourceVersion "1"]
[SourceVersionDate "2018.02.10"]
[SourceQuality "1"]

1. e4 e5 2. Nf3 Nc6 3. Bc4 Bc5 4. d3 Nf6 5. O-O d6 6. c3 a6 7. a4 O-O 8. Nbd2
Re8 9. Re1 Be6 10. Bxe6 Rxe6 11. b4 Ba7 12. Nf1 d5 13. Qc2 Ng4 14. Re2 d4 15.
h3 Nxf2 16. Rxf2 dxc3 17. Be3 Bd4 18. Rb1 Qd6 19. Qb3 Rf6 20. b5 axb5 21. axb5
Bxe3 22. Nxe3 Nd4 23. Qxc3 Ra3 24. Qb4 Rxd3 25. Qxd6 Rxd6 26. Nc4 Nxf3+ 27.
gxf3 Rg6+ 28. Kh2 Re6 29. Rd2 Rxd2+ 30. Nxd2 f6 31. Nc4 b6 32. Ne3 c6 33. bxc6
Rxc6 34. Nd5 Kf7 35. Rxb6 Rc2+ 36. Kg3 h5 37. Rb7+ Kf8 38. h4 1-0

[Event "Tradewise Gibraltar Masters 16th"]
[Site "Gibraltar"]
[Date "2018.01.29"]
[Round "7.65"]
[White "Yoo, Christopher Woojin"]
[Black "Cernousek, Lukas"]
[Result "1-0"]
[WhiteElo "2254"]
[BlackElo "2468"]
[PlyCount "97"]
[EventDate "2018.01.23"]
[EventType "swiss"]
[EventRounds "10"]
[EventCountry "GGB"]
[SourceTitle "BritBase"]
[Source "www.saund.co.uk"]
[SourceDate "2018.02.10"]
[SourceVersion "1"]
[SourceVersionDate "2018.02.10"]
[SourceQuality "1"]

1. e4 c5 2. Nf3 d6 3. d4 Nf6 4. Nc3 cxd4 5. Nxd4 a6 6. f3 e5 7. Nb3 Be6 8. Be3
Be7 9. Qd2 O-O 10. O-O-O Nbd7 11. g4 b5 12. g5 b4 13. gxf6 bxc3 14. Qxc3 Nxf6
15. Na5 Qd7 16. Nc6 Rfc8 17. Nxe7+ Qxe7 18. Qa5 Qb7 19. Rxd6 Nxe4 20. Rxa6 Ng3
21. Rg1 Qxf3 22. Rxa8 Ne2+ 23. Kb1 Bxa2+ 24. Qxa2 Nc3+ 25. bxc3 Rxa8 26. Ba7
Qb7+ 27. Kc1 Rxa7 28. Qb1 Qc7 29. Rg4 h5 30. Rc4 Qd8 31. Rb4 Qg5+ 32. Kb2 e4
33. Bc4 e3 34. Qf1 g6 35. Qd3 Kh7 36. Bb3 Qe7 37. Qe2 Qe5 38. Rb5 Qe7 39. Rb4
Qe5 40. Rd4 f5 41. h4 f4 42. Qc4 Kh6 43. Qc8 Qf6 44. Re4 Rh7 45. Re6 Qxh4 46.
Qf8+ Rg7 47. Bc4 Qg5 48. Rd6 Kh7 49. Rd7 1-0

[Event "Tradewise Gibraltar Masters 16th"]
[Site "Gibraltar"]
[Date "2018.01.29"]
[Round "7.66"]
[White "Barrenechea Bahamonde, Gustavo"]
[Black "Larino Nieto, David"]
[Result "0-1"]
[WhiteElo "2127"]
[BlackElo "2464"]
[PlyCount "60"]
[EventDate "2018.01.23"]
[EventType "swiss"]
[EventRounds "10"]
[EventCountry "GGB"]
[SourceTitle "BritBase"]
[Source "www.saund.co.uk"]
[SourceDate "2018.02.10"]
[SourceVersion "1"]
[SourceVersionDate "2018.02.10"]
[SourceQuality "1"]

1. e4 h6 2. d4 a6 3. f4 d6 4. Nf3 Nd7 5. a4 e5 6. c3 exd4 7. cxd4 d5 8. e5 c5
9. Nc3 cxd4 10. Qxd4 Bc5 11. Qxd5 Ne7 12. Qd1 Qb6 13. Qe2 O-O 14. a5 Qc7 15.
Be3 Nf5 16. Bxc5 Nxc5 17. g4 Ne7 18. g5 Bf5 19. Qe3 Rfd8 20. Nd4 hxg5 21. Bc4
gxf4 22. Qxf4 Ng6 23. Qf2 Qxe5+ 24. Nce2 Nd3+ 25. Bxd3 Bxd3 26. O-O f6 27. b4
Bxe2 28. Nxe2 Rd2 29. Rae1 Re8 30. Qg2 Qe3+ 0-1

[Event "Tradewise Gibraltar Masters 16th"]
[Site "Gibraltar"]
[Date "2018.01.29"]
[Round "7.67"]
[White "Lou, Yiping"]
[Black "Garcia Martin, Marta"]
[Result "1-0"]
[WhiteElo "2462"]
[BlackElo "2323"]
[PlyCount "83"]
[EventDate "2018.01.23"]
[EventType "swiss"]
[EventRounds "10"]
[EventCountry "GGB"]
[SourceTitle "BritBase"]
[Source "www.saund.co.uk"]
[SourceDate "2018.02.10"]
[SourceVersion "1"]
[SourceVersionDate "2018.02.10"]
[SourceQuality "1"]

1. c4 e6 2. Nc3 d5 3. d4 Bb4 4. a3 Bxc3+ 5. bxc3 c6 6. a4 Ne7 7. e3 O-O 8. Ba3
b6 9. cxd5 cxd5 10. Bb5 Bd7 11. Bd3 Nbc6 12. Nf3 h6 13. O-O Re8 14. c4 Rc8 15.
cxd5 Nxd5 16. Ba6 Ra8 17. Rc1 Ndb4 18. Bc4 Rc8 19. Nd2 a5 20. Qb3 Rc7 21. Bb5
Qg5 22. f4 Qg6 23. Nc4 Nd5 24. Nd6 Rd8 25. f5 Qg5 26. Nxf7 Kxf7 27. fxe6+ Kxe6
28. Bc4 Ncb4 29. Bxb4 Rxc4 30. Qxc4 Rc8 31. Bc5 bxc5 32. e4 cxd4 33. exd5+ Qxd5
34. Rfe1+ Kd6 35. Qd3 Rc3 36. Qg6+ Kc7 37. Qg3+ Kc6 38. Qxg7 Qc5 39. Qxh6+ Kb7
40. Rb1+ Ka7 41. Re7 d3+ 42. Kh1 1-0

[Event "Tradewise Gibraltar Masters 16th"]
[Site "Gibraltar"]
[Date "2018.01.29"]
[Round "7.68"]
[White "Yankelevich, Lev"]
[Black "Perez Garcia, Rodney Oscar"]
[Result "1/2-1/2"]
[WhiteElo "2456"]
[BlackElo "2320"]
[PlyCount "128"]
[EventDate "2018.01.23"]
[EventType "swiss"]
[EventRounds "10"]
[EventCountry "GGB"]
[SourceTitle "BritBase"]
[Source "www.saund.co.uk"]
[SourceDate "2018.02.10"]
[SourceVersion "1"]
[SourceVersionDate "2018.02.10"]
[SourceQuality "1"]

1. d4 d5 2. c4 c6 3. Nf3 Nf6 4. e3 e6 5. Bd3 Nbd7 6. b3 Bb4+ 7. Nbd2 e5 8. dxe5
Bc3 9. Rb1 Nxe5 10. Nxe5 Bxe5 11. Ba3 Bd6 12. Bb2 O-O 13. O-O h6 14. h3 Be6 15.
Qf3 Nd7 16. cxd5 cxd5 17. Qh5 Rc8 18. Rbd1 Nf6 19. Qe2 Re8 20. Bb5 Rf8 21. e4
Rc2 22. Bxf6 Qxf6 23. exd5 Bxd5 24. Qd3 Qg5 25. Ne4 Bxe4 26. Qxe4 Qe5 27. Qxe5
Bxe5 28. a4 Rc7 29. Rd5 Bf6 30. Rfd1 Rfc8 31. Bc4 Kf8 32. Rd7 Be7 33. g3 a6 34.
Kg2 Ke8 35. R7d3 Rc5 36. Rf3 Bf6 37. Re3+ Kf8 38. Rd7 R8c7 39. Red3 Be7 40.
Rxc7 Rxc7 41. f4 a5 42. h4 g6 43. Kh3 Kg7 44. h5 gxh5 45. Rd5 b6 46. Rxh5 Rc5
47. Bd5 Bf6 48. g4 Rc3+ 49. Kg2 Re3 50. Rf5 Re7 51. Bc4 Bd4 52. Rd5 Bc3 53. Rf5
Bd4 54. Kg3 Re3+ 55. Kh4 Re7 56. Kh5 Bf2 57. g5 hxg5 58. Rxg5+ Kf6 59. Kg4 Bc5
60. Rh5 Kg7 61. Kf5 Re3 62. Rg5+ Kf8 63. Rh5 Kg7 64. Rg5+ Kf8 1/2-1/2

[Event "Tradewise Gibraltar Masters 16th"]
[Site "Gibraltar"]
[Date "2018.01.29"]
[Round "7.69"]
[White "Grinberg, Eyal"]
[Black "De Francesco, Klaus"]
[Result "1-0"]
[WhiteElo "2448"]
[BlackElo "2287"]
[PlyCount "189"]
[EventDate "2018.01.23"]
[EventType "swiss"]
[EventRounds "10"]
[EventCountry "GGB"]
[SourceTitle "BritBase"]
[Source "www.saund.co.uk"]
[SourceDate "2018.02.10"]
[SourceVersion "1"]
[SourceVersionDate "2018.02.10"]
[SourceQuality "1"]

1. e4 e6 2. d4 d5 3. Nd2 c5 4. exd5 Qxd5 5. dxc5 Bxc5 6. Ngf3 Nf6 7. Bc4 Qc6 8.
O-O O-O 9. Qe2 Nbd7 10. Nb3 Be7 11. Nbd4 Qe4 12. Qd1 Ne5 13. Nxe5 Qxe5 14. Nf3
Qc7 15. Qe2 b6 16. Ne5 Bb7 17. Bf4 Bd6 18. Rad1 Rad8 19. Bg3 Ne4 20. Nf3 Nxg3
21. hxg3 Bc5 22. Rxd8 Rxd8 23. Kh2 Qc6 24. Bd3 g6 25. a3 Bd4 26. c3 Bf6 27. Re1
Kg7 28. Kg1 Qd5 29. Bc2 Qc6 30. Qe3 Qb5 31. Qc1 Qc6 32. Be4 Qc7 33. Bxb7 Qxb7
34. Rd1 Rxd1+ 35. Qxd1 Qe4 36. Ne1 h5 37. Nd3 h4 38. gxh4 Bxh4 39. Kf1 Bf6 40.
Kg1 Qc4 41. g3 Qe4 42. Nb4 b5 43. Nd3 Qd5 44. Qe2 Qc4 45. Qe3 a5 46. Kg2 Qd5+
47. Kf1 Qh1+ 48. Ke2 Qb1 49. Qd2 Qh1 50. Qf4 Qd5 51. Qe3 Qc4 52. Kd2 Qd5 53.
Kc2 a4 54. Qc5 Qb3+ 55. Kc1 g5 56. g4 e5 57. f3 Qe6 58. Nf2 Qd7 59. Kc2 Kg8 60.
Ne4 Kg7 61. Ng3 Qb7 62. Ne4 Be7 63. Qxe5+ f6 64. Qe6 Qc7 65. Qd5 Qh2+ 66. Qd2
Qe5 67. Qd7 Kf8 68. Kd1 Kg7 69. Qd3 Kf8 70. Kc1 Qc7 71. Qd1 Qf4+ 72. Kb1 f5 73.
gxf5 Qxf5 74. Qe2 Qd5 75. Kc1 Qf5 76. Qg2 Qf4+ 77. Kc2 Qe3 78. Qg4 Qe2+ 79. Nd2
Qe5 80. Ne4 Qd5 81. Qh5 Qf5 82. Kb1 Qd5 83. Qh8+ Kf7 84. Qh7+ Kf8 85. Kc2 Qb3+
86. Kc1 Qd5 87. Qg6 Qe5 88. Kc2 Qh2+ 89. Nd2 Qe5 90. Qe4 Qc5 91. Qe6 Qc7 92.
Qf5+ Kg7 93. Qxb5 Qf4 94. Qd7 Kf7 95. Qg4 1-0

[Event "Tradewise Gibraltar Masters 16th"]
[Site "Gibraltar"]
[Date "2018.01.29"]
[Round "7.70"]
[White "Akesson, Ralf"]
[Black "De Haan, Eric"]
[Result "0-1"]
[WhiteElo "2443"]
[BlackElo "2304"]
[PlyCount "66"]
[EventDate "2018.01.23"]
[EventType "swiss"]
[EventRounds "10"]
[EventCountry "GGB"]
[SourceTitle "BritBase"]
[Source "www.saund.co.uk"]
[SourceDate "2018.02.10"]
[SourceVersion "1"]
[SourceVersionDate "2018.02.10"]
[SourceQuality "1"]

1. d4 Nf6 2. c4 c5 3. d5 b5 4. cxb5 a6 5. bxa6 g6 6. Nc3 Bg7 7. e4 O-O 8. Nf3
Qa5 9. Bd2 Bxa6 10. Bxa6 Qxa6 11. Qe2 d6 12. Rb1 Nbd7 13. Qxa6 Rxa6 14. O-O Ng4
15. a3 Rb8 16. Rfd1 c4 17. h3 Nge5 18. Nd4 Nd3 19. Nc6 Rxb2 20. Rxb2 Nxb2 21.
Rb1 Rxa3 22. e5 Rb3 23. Nxe7+ Kf8 24. exd6 Bxc3 25. Bxc3 Na4 26. Ra1 Nxc3 27.
Ra7 Nf6 28. Nc6 Ncxd5 29. Ne5 c3 30. Rxf7+ Kg8 31. Rc7 Rb8 32. Rc5 Rd8 33. d7
c2 0-1

[Event "Tradewise Gibraltar Masters 16th"]
[Site "Gibraltar"]
[Date "2018.01.29"]
[Round "7.71"]
[White "Zhukova, Natalia"]
[Black "Mannion, Stephen R"]
[Result "1/2-1/2"]
[WhiteElo "2438"]
[BlackElo "2285"]
[PlyCount "145"]
[EventDate "2018.01.23"]
[EventType "swiss"]
[EventRounds "10"]
[EventCountry "GGB"]
[SourceTitle "BritBase"]
[Source "www.saund.co.uk"]
[SourceDate "2018.02.10"]
[SourceVersion "1"]
[SourceVersionDate "2018.02.10"]
[SourceQuality "1"]

1. d4 d5 2. c4 dxc4 3. e4 e5 4. Nf3 exd4 5. Bxc4 Bb4+ 6. Nbd2 Nc6 7. O-O Nf6 8.
e5 Nd5 9. Nb3 Nb6 10. Be2 O-O 11. a3 Be7 12. Nbxd4 Nxd4 13. Qxd4 Qxd4 14. Nxd4
Rd8 15. Rd1 c5 16. Nb5 Rxd1+ 17. Bxd1 Be6 18. Bf3 Nd5 19. Bd2 a6 20. Nd6 Bxd6
21. exd6 Rd8 22. Bxd5 Bxd5 23. Bf4 f6 24. Rd1 Be6 25. Be3 Rc8 26. h4 Kf7 27.
Bxc5 Rxc5 28. d7 Bxd7 29. Rxd7+ Kg6 30. Rxb7 a5 31. g3 h5 32. a4 Rc4 33. b3 Rc3
34. Kf1 Kf5 35. Rb6 Kg6 36. Ke2 Kh6 37. Rb5 Kg6 38. Kd2 Rf3 39. Ke2 Rc3 40. b4
axb4 41. Rxb4 Ra3 42. Kd2 Kh7 43. Kc2 Ra2+ 44. Kb3 Rxf2 45. a5 Rf3+ 46. Ka2
Rxg3 47. a6 Rg2+ 48. Rb2 Rg4 49. Ka3 Rg3+ 50. Ka2 Rg4 51. Ka3 Rg3+ 52. Ka4 Rg1
53. Ra2 Re1 54. a7 Re8 55. Kb5 Ra8 56. Kb6 g5 57. Kb7 Rxa7+ 58. Rxa7 Kg6 59.
Ra5 gxh4 60. Kc6 h3 61. Ra3 Kf5 62. Rxh3 Kg4 63. Rh1 h4 64. Kd5 h3 65. Ke4 Kg3
66. Rg1+ Kf2 67. Ra1 h2 68. Kf4 Kg2 69. Ra2+ Kh3 70. Ra3+ Kg2 71. Rg3+ Kf2 72.
Rh3 Kg2 73. Rxh2+ 1/2-1/2

[Event "Tradewise Gibraltar Masters 16th"]
[Site "Gibraltar"]
[Date "2018.01.29"]
[Round "7.72"]
[White "Swayams, Mishra"]
[Black "Perez, Flavio"]
[Result "1/2-1/2"]
[WhiteElo "2432"]
[BlackElo "2279"]
[PlyCount "64"]
[EventDate "2018.01.23"]
[EventType "swiss"]
[EventRounds "10"]
[EventCountry "GGB"]
[SourceTitle "BritBase"]
[Source "www.saund.co.uk"]
[SourceDate "2018.02.10"]
[SourceVersion "1"]
[SourceVersionDate "2018.02.10"]
[SourceQuality "1"]

1. d4 g6 2. c4 Bg7 3. Nc3 d6 4. Nf3 Nd7 5. e4 e5 6. Be2 Ngf6 7. O-O O-O 8. Be3
c6 9. d5 c5 10. Ne1 Kh8 11. Nd3 Ng8 12. b4 b6 13. Nb5 Qe7 14. Rb1 a6 15. Nc3 f5
16. f3 h5 17. exf5 gxf5 18. Qd2 Qf6 19. Bg5 Qg6 20. Nf2 Ngf6 21. Qc1 Nh7 22.
Bd2 Rg8 23. Kh1 h4 24. Rg1 Ndf6 25. g3 hxg3 26. Rxg3 Qe8 27. bxc5 bxc5 28. Qc2
Ra7 29. Rbg1 Bf8 30. Rxg8+ Nxg8 31. Qa4 Qxa4 32. Nxa4 Rb7 1/2-1/2

[Event "Tradewise Gibraltar Masters 16th"]
[Site "Gibraltar"]
[Date "2018.01.29"]
[Round "7.73"]
[White "Wemmers, Xander"]
[Black "Heinemann, Josefine"]
[Result "1-0"]
[WhiteElo "2430"]
[BlackElo "2270"]
[PlyCount "107"]
[EventDate "2018.01.23"]
[EventType "swiss"]
[EventRounds "10"]
[EventCountry "GGB"]
[SourceTitle "BritBase"]
[Source "www.saund.co.uk"]
[SourceDate "2018.02.10"]
[SourceVersion "1"]
[SourceVersionDate "2018.02.10"]
[SourceQuality "1"]

1. d4 d5 2. c4 e6 3. Nc3 Nf6 4. cxd5 exd5 5. Bg5 c6 6. Qc2 Be7 7. e3 Nbd7 8.
Bd3 h6 9. Bh4 Nh5 10. Bxe7 Qxe7 11. O-O-O Nb6 12. Kb1 Be6 13. Nge2 O-O-O 14.
Nc1 g6 15. Nb3 Ng7 16. f3 Kb8 17. Rhe1 Qc7 18. h3 Rhe8 19. Ka1 Bf5 20. e4 Bc8
21. e5 Ne6 22. Qf2 Nc4 23. f4 Na5 24. Bc2 Nxb3+ 25. Bxb3 Ng7 26. Rc1 Qe7 27.
Na4 h5 28. Rc3 h4 29. Nc5 Ne6 30. Nd3 Bd7 31. Bc2 Ng7 32. b4 Bf5 33. Rb1 Bxd3
34. Bxd3 Rc8 35. a3 Rc7 36. Rbc1 Rec8 37. Be2 a6 38. Bg4 Rh8 39. Ka2 f6 40. Kb3
fxe5 41. fxe5 Rf8 42. Rf3 Rxf3+ 43. Qxf3 Ne6 44. Bxe6 Qxe6 45. Rf1 Re7 46. Qf8+
Re8 47. Qh6 c5 48. bxc5 Qd7 49. a4 b6 50. Qxg6 bxc5 51. Rf7 c4+ 52. Kc3 Re7 53.
Qb6+ Qb7 54. Rf8+ 1-0

[Event "Tradewise Gibraltar Masters 16th"]
[Site "Gibraltar"]
[Date "2018.01.29"]
[Round "7.74"]
[White "Ladron De Guevara Pinto, Paolo"]
[Black "Plotkin, Victor"]
[Result "1-0"]
[WhiteElo "2427"]
[BlackElo "2242"]
[PlyCount "141"]
[EventDate "2018.01.23"]
[EventType "swiss"]
[EventRounds "10"]
[EventCountry "GGB"]
[SourceTitle "BritBase"]
[Source "www.saund.co.uk"]
[SourceDate "2018.02.10"]
[SourceVersion "1"]
[SourceVersionDate "2018.02.10"]
[SourceQuality "1"]

1. e4 e5 2. d4 exd4 3. Qxd4 Nc6 4. Qe3 Bb4+ 5. c3 Be7 6. c4 Nf6 7. Nc3 Nb4 8.
Qe2 d6 9. f3 O-O 10. a3 Na6 11. Be3 c6 12. O-O-O Qa5 13. Qd2 Rd8 14. Kb1 Be6
15. g4 Nd7 16. Nd5 Qxd2 17. Nxe7+ Kf8 18. Rxd2 Kxe7 19. h3 Nac5 20. Rc2 b5 21.
cxb5 Bb3 22. Rc3 cxb5 23. Ne2 Bc4 24. Nd4 Ne5 25. f4 Nxe4 26. fxe5 Nxc3+ 27.
bxc3 Bd5 28. exd6+ Kxd6 29. Rh2 Be4+ 30. Kb2 a6 31. Rf2 Ke7 32. Rf4 Bd5 33.
Nf5+ Kf8 34. Bd4 f6 35. h4 Be6 36. g5 fxg5 37. hxg5 Bxf5 38. Rxf5+ Kg8 39. Bg2
Rf8 40. Bd5+ Kh8 41. Bf7 Rae8 42. Rf2 Re4 43. g6 Rh4 44. Bc5 Rc8 45. Be6 Re8
46. Bd7 Rg8 47. Bf5 hxg6 48. Bxg6 Rh6 49. Bc2 Re8 50. Bd4 Kg8 51. Bb3+ Kh7 52.
a4 bxa4 53. Bxa4 Rb8+ 54. Kc1 Rh1+ 55. Kd2 Rb2+ 56. Bc2+ Kh6 57. Rg2 g5 58. c4
Rb8 59. Bf6 Rg8 60. c5 Kh5 61. Bb3 Rc8 62. Bxg5 Kg6 63. Be7+ Kf5 64. Rf2+ Ke4
65. Bd6 Rh4 66. Kc3 Ke3 67. Rf6 a5 68. Be6 Ra8 69. Bd5 Re8 70. c6 Rc8 71. Bg3
1-0